| 000 | 01206cam a2200289 a 4500 | ||
|---|---|---|---|
| 999 |
_c19030 _d19030 |
||
| 001 | 1558483 | ||
| 003 | ARRUPE | ||
| 005 | 20170801140656.0 | ||
| 008 | 920122s1993 nyu b s001 0 eng | ||
| 010 | _a 92004274 | ||
| 020 | _a0791413330 (hard : alk. paper) | ||
| 020 | _a0791413349 (pbk. : alk. paper) | ||
| 040 |
_aDLC _cDLC _dDLC |
||
| 050 | 0 | 0 |
_aB831.2 _b.F68 1993 |
| 082 | 0 | 0 |
_a190/.9/04 _220 |
| 245 | 0 | 0 |
_aFounders of constructive postmodern philosophy : _bPeirce, James, Bergson, Whitehead, and Hartshorne / _cDavid Ray Griffin ... [et al.]. |
| 260 |
_aAlbany : _bState University of New York Press, _cc1993. |
||
| 300 |
_axi, 241 p. ; _c23 cm. |
||
| 440 | 0 |
_aSUNY series in constructive postmodern thought _934245 |
|
| 504 | _avrcludes bibliographical references and index. | ||
| 650 | 0 |
_aPostmodernism. _934246 |
|
| 650 | 0 |
_aPhilosophy, Modern _y20th century. _934247 |
|
| 700 | 1 |
_aGriffin, David Ray, _d1939- _934248 |
|
| 906 |
_a7 _bcbc _corignew _d1 _eocip _f19 _gy-gencatlg |
||
| 942 |
_2lcc _cMONOGRAPH |
||